|
|
|
|
| LEADER |
02323nam a2200469 a 4500 |
| 001 |
EBC1143891 |
| 003 |
MiAaPQ |
| 005 |
20200520144314.0 |
| 006 |
m o d | |
| 007 |
cr cn||||||||| |
| 008 |
120615s2013 nyu s 000 0 eng d |
| 010 |
|
|
|z 2012023433
|
| 020 |
|
|
|z 9780415645461 (hb)
|
| 020 |
|
|
|a 9780203077467 (electronic bk.)
|
| 035 |
|
|
|a (MiAaPQ)EBC1143891
|
| 035 |
|
|
|a (Au-PeEL)EBL1143891
|
| 035 |
|
|
|a (CaPaEBR)ebr10672757
|
| 035 |
|
|
|a (CaONFJC)MIL459304
|
| 035 |
|
|
|a (OCoLC)830161019
|
| 040 |
|
|
|a MiAaPQ
|c MiAaPQ
|d MiAaPQ
|
| 041 |
1 |
|
|a eng
|h ger
|
| 050 |
|
4 |
|a HG218.5
|b .H4513 2013
|
| 082 |
0 |
4 |
|a 330
|2 23
|
| 100 |
1 |
|
|a Heinsohn, Gunnar.
|
| 240 |
1 |
0 |
|a Eigentum, Zins und Geld.
|l English
|
| 245 |
1 |
0 |
|a Ownership economics
|h [electronic resource] :
|b on the foundations of interest, money, markets, business cycles and economic development /
|c Gunnar Heinsohn and Otto Steiger ; translated and edited with comments and additions by Frank Decker.
|
| 260 |
|
|
|a New York :
|b Routledge,
|c 2013.
|
| 300 |
|
|
|a xxvii, 192 p.
|
| 490 |
1 |
|
|a Routledge frontiers of political economy ;
|v 168
|
| 505 |
0 |
|
|a Ownership economics: an introduction / Frank Decker Ownership Economics -- On the foundations of interest, money, markets, business cycles and economic development / Gunnar Heinsohn and Otto Steiger -- Preface to the first german edition of ownership economics -- Possession and ownership : use of goods versus economic activity -- The blindness of the great schools of economics towards ownership -- The economic core of the ownership system : interest, money and property assets 4. the market as the result of the ownership-based economy -- Issues associated with ownership in developming and transformation countries.
|
| 533 |
|
|
|a Electronic reproduction. Ann Arbor, MI : ProQuest, 2015. Available via World Wide Web. Access may be limited to ProQuest affiliated libraries.
|
| 650 |
|
0 |
|a Money.
|
| 650 |
|
0 |
|a Interest.
|
| 650 |
|
0 |
|a Property.
|
| 650 |
|
0 |
|a Capital.
|
| 650 |
|
0 |
|a Economics.
|
| 655 |
|
4 |
|a Electronic books.
|
| 700 |
1 |
|
|a Steiger, Otto.
|
| 700 |
1 |
|
|a Decker, Frank.
|
| 710 |
2 |
|
|a ProQuest (Firm)
|
| 830 |
|
0 |
|a Routledge frontiers of political economy ;
|v 168.
|
| 856 |
4 |
0 |
|u https://ebookcentral.proquest.com/lib/matrademy/detail.action?docID=1143891
|z Click to View
|